000 01109cam a2200229 4500
001 ABS64396
008 010904n2001 000 0 eng u
035 _a(Sirsi) u114420
245 _aNew Civil Procedure Rules for Landlord and Tenant Act proceedings and for possession proceedings.
260 _c2001
490 _aCommercial Leases
_v15(7) July 2001, 510-511(2)
520 _aReports on the new Part 56 Civil Procedure Rules, replacing RSC and CCR (now repealed), which come into effect on 15 October 2001. Part 56 applies to proceedings under the 1954 Act and also the Landlord and Tenant Acts of 1927, 1985 and 1987. Summarises the new procedure and outlines the aim of the changes. Finishes with a brief look at proceedings generally, dealt with by the provision of a new Part 55.
590 _aABS
650 _aCIVIL PROCEDURE RULES
650 _aPOSSESSION PROCEEDINGS
650 _aCOMMERCIAL LEASES
650 _aWOOLF REFORMS
650 _aCIVIL PROCEDURE RULES PART 55
650 _aCIVIL PROCEDURE RULES PART 56
690 _aLANDLORD AND TENANT-BUSINESS TENANCIES
942 _n0
999 _c68145
_d68145